| 000 | 01126aam a2200421 4500 | ||
|---|---|---|---|
| 005 | 20251127164146.0 | ||
| 008 | 150625b2012 xxu||||| |||| 00| 0 spa d | ||
| 020 | _a9789968319348 | ||
| 041 | _aESP | ||
| 082 | _a519.53 G633e4 | ||
| 100 | _aGómez Barrantes, Miguel | ||
| 245 | _aElementos de estadística descriptiva | ||
| 250 | _a4 edición | ||
| 260 | _aCosta Rica | ||
| 260 | _bEUNED | ||
| 260 | _c2012 | ||
| 300 | _a664 páginas | ||
| 490 | _aGestión de Calidad | ||
| 490 | _aDirección y Administración de Empresas | ||
| 650 | _aESTADÍSTICA DESCRIPTIVA | ||
| 650 | _aMUESTREO | ||
| 650 | _aATRIBUTOS | ||
| 650 | _aVARIABLES | ||
| 650 | _aESTADÍSTICA INFERENCIAL | ||
| 650 | _aTÉCNICAS DE RECOLECCIÓN | ||
| 650 | _aINVESTIGACIÓN ESTADÍSTICA | ||
| 650 | _aCUESTIONARIO | ||
| 650 | _aPREGUNTAS ABIERTAS | ||
| 650 | _aPREGUNTAS CERRADAS | ||
| 650 | _aNÚMEROS RELATIVOS | ||
| 650 | _aÍNDICES DE PRECIOS | ||
| 650 | _aCUADROS ESTADÍSTICOS | ||
| 650 | _aGRÁFICOS ESTADÍSTICOS | ||
| 650 | _aINFERENCIA ESTADÍSTICA | ||
| 942 |
_cBK _2ddc |
||
| 999 |
_c6303 _d6303 |
||